Les Meilleurs buteurs de la Liga 2015-2016 - Statistiques

Statistiques générales
  • Ce quiz a été pris 102 fois
  • Le résultat moyen est 7 sur 10
Statistiques - réponses
Buts Nationalité Club Joueur % Correct
35 Portugal Real Madrid Cristiano Ronaldo
100%
26 Argentine FC Barcelone Lionel Messi
100%
22 France Atlético Madrid Antoine Griezmann
99%
24 France Real Madrid Karim Benzema
99%
40 Uruguay FC Barcelone Luis Suárez
99%
24 Brésil FC Barcelone Neymar
99%
19 Pays de Galles Real Madrid Gareth Bale
96%
20 Espagne Athletic Bilbao Aritz Aduriz
52%
18 Espagne SD Eibar Borja Bastón
2%
19 Espagne Real Betis Rubén Castro
2%
Aucun quiz correspondant
Distribution des résultats
% des personnes avec chaque résultat
Percentile par nombre de réponses
Votre historique - résultats
Vous n’avez pas pris ce quiz